Cirkvi, náboženské spoločnosti a ich daňové povinnosti
Náboženská sloboda v Slovenskej republike je ustanovená zákonom č. 308/1991 Zb. o slobode náboženskej viery a postavení náboženských spoločností v znení zákona č. 394/2000 Z.z. Registrácia cirkví, činnosť a hospodárenie cirkví, majetkové dane, dane z príjmov.
Salvato in:
| Autore principale: | |
|---|---|
| Natura: | Capitolo di libro |
| Lingua: | slovacco |
| Soggetti: | |
| Tags: |
Nessun Tag, puoi essere il primo ad aggiungerne!!
|
MARC
| LEADER | 00000naa a2200000 4500 | ||
|---|---|---|---|
| 001 | r046885 | ||
| 005 | 20230927070934.0 | ||
| 041 | 0 | |a slo | |
| 044 | |a SK | ||
| 245 | 1 | 0 | |a Cirkvi, náboženské spoločnosti a ich daňové povinnosti |c Iveta Harušťáková |
| 520 | |a Náboženská sloboda v Slovenskej republike je ustanovená zákonom č. 308/1991 Zb. o slobode náboženskej viery a postavení náboženských spoločností v znení zákona č. 394/2000 Z.z. Registrácia cirkví, činnosť a hospodárenie cirkví, majetkové dane, dane z príjmov. | ||
| 610 | 2 | 0 | |a povinnosť daňová |
| 610 | 2 | 0 | |a organizácie náboženské |
| 610 | 2 | 0 | |a cirkev |
| 610 | 2 | 0 | |a Slovensko |
| 610 | 2 | 0 | |a legislatíva |
| 610 | 2 | 0 | |a dane majetkové |
| 610 | 2 | 0 | |a dane z príjmov |
| 100 | 1 | |a Harušťáková, Iveta | |